| 000 | 00575cam a22002291 4500 | ||
|---|---|---|---|
| 001 | sa 65007509 | ||
| 003 | DLC | ||
| 005 | 20260227112148.0 | ||
| 008 | 940615s1962 ii 000 0 malo | ||
| 010 | _asa 65007509 | ||
| 025 | _aPL480:I-Mal-135 | ||
| 035 | _a(OCoLC)30612602 | ||
| 040 |
_aDLC _cCU _dCU _dDLC |
||
| 042 | _apremarc | ||
| 050 | 0 | 0 |
_aRS127 _b.G65 |
| 100 | 2 | _aGopala Pillai, S. | |
| 245 | 1 | 0 | _aSiddhavaidyamuktāvali. |
| 260 | _c[1962] | ||
| 300 |
_a126 p. _c19 cm. |
||
| 500 | _aIn Malayalam. | ||
| 650 | 0 |
_aMedicine _xFormulae, receipts, prescriptions. |
|
| 999 |
_c65166 _d65166 |
||